Agresivita, radikálnosť, konfrontácia, tolerancia (v kontexte enviromentálnych konfliktov a snáh o ich riešenie)

Bibliographic Details
Main Author: Bianchi, Gabriel, 1955- (Author)
Format: Article
Language:Slovak
PhysicalDescription:Obr. 2
ISSN:0044-4863
Subjects:

MARC

LEADER 00000nab a2200000 a 4500
001 vtls000576797
003 SK-MaSNL
005 20260304094953.0
008 250425c1995 xo 0 slo
015 |a SNBRB19rr/mm-uuuuu 
035 |a CL0576935 
035 |a urn:nbn:sk:snk-abbpmt 
035 |a (urnnbn)urn:nbn:sk:snk:ar-006drc 
035 |a (uuid)66762921-254b-4efa-9539-1a7bd92cbc07 
040 |a SNKBUCL  |b slo  |c SNKBUCL  |e AACR2 
041 0 |a slo 
044 |a xo  |c SK 
080 |a 179.8  |2 1981 
080 |a 504  |2 1981 
100 1 |a Bianchi, Gabriel,  |d 1955-  |4 aut  |9 109676 
245 1 0 |a Agresivita, radikálnosť, konfrontácia, tolerancia (v kontexte enviromentálnych konfliktov a snáh o ich riešenie)  |c Gabriel Bianchi 
300 |b Obr. 2 
650 0 7 |a agresivita  |2 snkbucl  |9 14196 
655 7 |a články z novín a časopisov  |2 snkbucl  |9 267496 
773 0 |t Životné prostredie  |g Roč. 29, č. 6 (1995), s. 322-323  |x 0044-4863 
850 |a Slovenská národná knižnica 
852 |a Slovenská národná knižnica 
954 |a odborná, vedecká literatúra pôvodná (slovenská)  |2 lita 
958 |a article15 
958 |a RK 
958 |a OND 
958 |a EUIPO 
992 |a RBX 
999 |c 2829981  |d 2831911